00872 a2200193 45000010006000000050017000060080041000230030015000640400040000790800095001192450059002140200022002732640041002953000019003365050181003550410008005361000035005448560099005794949420260407155758.0260407a2015 arg spa dAR-UNSa-BCEJYS aAR-UNSa-BCEJYSbspacAR-UNSa-BCEJYS a808.1xAutoría. actividad y técnica literaria. Escritura creativa. material publicable10aEscritutra académicapde la teoría a la práctica a978-84-368-3451-2 1aMadrid :bEdiciones Pirámidec2015 a157 p.c23 cm. a1. Escribir en la universidad – 2. La corrección idiomática – 3. Los géneros discursivos académicos – 4. Los textos expositivos – 5. Los textos argumentativos - aspa1 aNuñez Cortés, Juan Antonio41uhttps://www.biblioeco.unsa.edu.ar/pmb/images/libros/L128145.jpgyImagen de portadaqimage/jpeg